000 00277nam a2200121Ia 4500
008 190216s9999||||xx |||||||||||||| ||und||
100 _aShihabudeen Poythumkavu
245 0 _aManjukalam
260 _bUniversity Of Calicut
300 _a95
650 _aKathakal
942 _cBK
999 _c28160
_d28160